Zmeny daňového systému a ich dopad na vývoj daňových príjmov v SR bakalárska práca

Uložené v:
Podrobná bibliografia
Hlavný autor: Kica, Rastislav
Korporativný autor: Národohospodárska fakulta EU. Katedra financií
Ďalší autori: Kušnírová, Jana, 1977-
Médium: Kniha
Jazyk:Slovak
Vydavateľské údaje: Bratislava 2016
Tagy: Pridať tag
Žiadne tagy, Buďte prvý, kto otaguje tento záznam!

MARC

LEADER 00000nbm a2200000 4500
001 0219782
005 20161221095532.5
041 0 |a slo 
044 |a SK 
245 1 0 |a Zmeny daňového systému a ich dopad na vývoj daňových príjmov v SR  |b bakalárska práca  |c Rastislav Kica ; školiteľ: Jana Kušnírová 
264 1 |a Bratislava  |c 2016 
300 |a 56 s. 
100 1 |a Kica, Rastislav 
700 1 |a Kušnírová, Jana, 1977- 
710 2 |a Národohospodárska fakulta EU. Katedra financií